Statistics for Random 'Top and Tail' Word Quiz - L

Click here to take the quiz!

General Stats

  • This quiz has been taken 70 times
  • The average score is 8 of 16

Answer Stats

HintLettersAnswer% Correct
Relating to the law5Legal
100%
Deadly6Lethal
93%
Having a surface without a slope or unevenness5Level
92%
Relating to a particular nearby area5Local
92%
Unwavering in devotion5Loyal
91%
Towards, or from, the side or sides7Lateral
88%
Hardy's partner6Laurel
88%
Period of calm or a pause in proceedings4Lull
88%
Defamation in print5Libel
82%
Large city in north-western England9Liverpool
73%
Identifying or descriptive marker5Label
67%
High-protein pulse used for food6Lentil
67%
Part of a jacket immediately below the collar5Lapel
64%
Reflecting the capability for correct and valid reasoning7Logical
64%
Broad-minded or tolerant7Liberal
56%
Relating to length12Longitudinal
55%
Czech born former World No. 1 professional tennis player5Lendl
54%
First sighting of the shore after a long sea voyage8Landfall
38%
Sanctioned by the legal system6Lawful
36%
Lacking enthusiasm; carelessly lazy13Lackadaisical
31%
Relating to public worship10Liturgical
25%
Without interpretation or embellishment7Literal
22%
City on the south coast of Cyprus8Limassol
15%
Sound made with the lips and teeth11Labiodental
11%
US atronomer with an observatory named after him6Lowell
11%
Horizontal beam over a door6Lintel
10%
German aviation pioneer10Lilienthal
7%

Score Distribution

Percentile by Number Answered

Percent of People with Each Score

Your Score History

You have not taken this quiz